| 000 | 00771nam a22002297a 4500 | ||
|---|---|---|---|
| 003 | UA-OsUOA | ||
| 001 | 47413 | ||
| 007 | ta | ||
| 008 | 20120613b un ||||| |||| 00| 0 ukr d | ||
| 100 | _aСрібняк І. | ||
| 090 |
_a94 (477).06 _bС75 |
||
| 942 | _cBR | ||
| 040 |
_aUA-OsUOA _bukr _cUA-OsUOA _dUA-OsUOA |
||
| 245 |
_aКультурно-освітня робота в армії УНР у 1921-1923 рр. _bДодаток до "Вістей Комбатанта", Ч.2, 1997 |
||
| 300 | _a16 с. | ||
| 955 | _a1 | ||
| 041 | _aukr | ||
| 080 | _a94 (477).06 | ||
| 650 | 7 |
_a9 Географія. Біографії. Історія _2UDC |
|
| 999 |
_c427525 _d427525 |
||